000
00196nam a22000977a 4500
003
SGT
245
_a
JOURNAL OF AYURVEDA
260
_a
MUMBAI
_b
WOLTERS KLUWER
_c
2022
310
_a
1-4
942
_2
ddc
_c
BV
999
_c
29457
_d
29457